Statistics for Justin Bieber ~ Sorry Lyrics

Click here to take the quiz!

General Stats

  • This quiz has been taken 2,685 times
  • The average score is 240 of 325

Answer Stats

HintAnswer% Correct
I
98%
i
98%
So
97%
Sorry
96%
sorry
96%
to
95%
You
95%
you
95%
is
92%
Is
92%
it
92%
late
91%
no
91%
say
91%
a
87%
now
87%
Im
86%
i'm
86%
im
86%
I'm
86%
body
85%
too
85%
more
84%
do
83%
just
83%
your
83%
know
82%
Cause
79%
missing
79%
than
79%
let
76%
down
73%
and
72%
And
72%
that
72%
on
71%
go
69%
me
68%
my
67%
of
66%
get
62%
the
62%
all
61%
we
61%
for
60%
at
58%
oh
58%
don't
57%
time
57%
But
56%
but
56%
honesty
56%
Yeah
56%
yeah
56%
angry
55%
one
55%
need
53%
try
53%
gotta
51%
with
50%
well
49%
apologies
48%
or
48%
Can
47%
once
46%
shot
46%
twice
46%
forgiveness
43%
hundred
43%
maybe
43%
times
43%
second
42%
couple
41%
in
41%
chances
40%
mistakes
39%
out
39%
this
38%
want
38%
made
37%
referee
37%
by
36%
call
36%
myself
36%
redeem
36%
mean
35%
run
35%
tonight
35%
hope
34%
someone
33%
those
32%
truth
32%
back
30%
if
29%
not
29%
take
29%
then
29%
there
29%
two
29%
could
28%
forget
28%
I'll
28%
both
27%
every
26%
game
26%
words
26%
blame
25%
spill
25%
trying
25%
piece
23%
innocent
21%
single
21%

Score Distribution

Percentile by Number Answered

Percent of People with Each Score

Your Score History

You have not taken this quiz